000 01157cam a22002773a 4500
001 582
003 PGUSA
005 20140828082950.0
008 960701s1996||||xxu|||||s|||||000 1 eng d
040 _aPGUSA
_beng
042 _adc
050 4 _aPR
050 4 _aPZ
100 1 _aPotter, Beatrix,
_d1866-1943
245 1 2 _aA Collection of Beatrix Potter Stories
_h[electronic resource] /
_cBeatrix Potter
260 _bProject Gutenberg,
_c1996
505 0 _aThe Tale of Peter Rabbit -- The Tale of Benjamin Bunny -- The Tale of Mrs. Tiggy-Winkle -- The Tale of Mr. Jeremy Fisher-- The Tale of Jemima Puddle-Duck -- The Tale of the Flopsy Bunnies -- The Tale of Two Bad Mice -- The Tale of Timmy Tiptoes -- The Tale of Mr. Tod -- The Tale of Pigling Bland -- The Roly Poly Pudding -- The Pie and the Patty-pan -- Ginger and Pickles -- The Story of Miss Moppet
506 _aPublic domain in the USA.
516 _aElectronic text
653 _aAnimals -- Juvenile fiction
653 _aShort stories
653 _aChildren's stories, English
830 0 _aProject Gutenberg
_v582
856 4 0 _uhttp://www.gutenberg.org/ebooks/582
942 _cEB
999 _c229933
_d229933